000
00267nam a2200109Ia 4500
008
190907s9999||||xx |||||||||||||| ||und||
100
_a
Balogun,Julia.
245
0
_a
Exploring Strategic Changes
260
_a
USA
_b
Dorling Kindersley
_c
1999
300
_a
248
942
_c
BK
999
_c
6259
_d
6259